| 000 | 00586nam a22001937a 4500 | ||
|---|---|---|---|
| 003 | OSt | ||
| 005 | 20260425030000.0 | ||
| 008 | 260425b |||||||| |||| 00| 0 eng d | ||
| 020 | _a981-240-585-2 | ||
| 040 |
_aDWCL-Main lib. _cOC |
||
| 082 | _aCirc. 621.351 J277f 2000 | ||
| 100 | _aTerrell, David L. | ||
| 245 |
_aFundamentals of electronics : _bDC/AC circuits/ _cDavid L. Tarrell |
||
| 260 |
_aU.S.A. : _bThomson learning, _cc2000. |
||
| 300 |
_axxv 1072 pages ; _c25 centimeters. |
||
| 504 | _aInclude index. | ||
| 650 | _aElectronics. | ||
| 942 |
_2ddc _cBK-CIRC _hCirc. _n0 |
||
| 999 |
_c9891 _d9891 |
||